Statistiques concernant Kiev - Culture générale

Cliquez ici pour prendre le quiz!

Statistiques générales

  • Ce quiz a été pris 237 fois
  • Le résultat moyen est 6 sur 15

Statistiques - réponses

InformationRéponse% Correct
Branche du christianisme pratiquée majoritairement iciOrthodoxe
92%
Révolution "pro-européenne" qui a le nom d'une couleurRévolution {Orange}
71%
Cathérale la plus célèbre de la ville, son nom rappelle une stamboulioteCathédrale {Sainte-Sophie}
58%
Club de football le plus titré d'UkraineDynamo Kiev
58%
Fleuve qui traverse la villeDniepr
56%
Catastrophe volontairement menée en 1932-1933Famine
53%
"Province" dans laquelle se trouve la ville{Oblast} de Kiev
48%
"Ancienne Russie" dont Kiev fut la capitale de 882 à 1240{Rus'} de Kiev
47%
Nom donné aux habitants de KievKieviens
28%
Fruit sec ingrédient du Gâteau de KievNoisette
19%
Place de la ville sur laquelle cette révolution se tintPlace de l'{Indépendance}
19%
Nom donné à celle-ci par les UkrainiensH{olodomor}
14%
Statue colossale de 102 mètres de hautStatue de la {Mère-Patrie}
10%
Monastère troglodyte inscrit à l'UNESCOLaure des {Grottes} de Kiev
9%
Peintre abstrait, fondateur du "suprématisme"Kasimir Malevitch
6%

Distribution des résultats

Percentile par nombre de réponses

% des personnes avec chaque résultat

Votre développement - résultats

Vous n’avez pas pris ce quiz